College Quizbowl Stats
College Quizbowl Stats
Circuits
Seasons
Sets
Records
Detailed Stats
About
Loading...
2024 Penn Bowl Texas
Tossups
Bonuses
Players
Teams
Categories (Tossup)
Categories (Bonus)
Dwight Soleno
Texas A&M A
Categories
Category
Powers
Gets
Negs
BBs
Points
Earliest Buzz
Avg. Buzz
First Buzzes
Top 3 Buzzes
Mythology
0
1
0
1
10
143
143.00
0
1
Pop Culture
0
1
0
1
10
132
132.00
1
1
Social Science
0
1
0
1
10
128
128.00
0
1
Religion
0
1
1
0
5
129
129.00
0
1
Science - Chemistry
0
0
1
0
-5
0.00
0
0
Buzzes
Category
Answer
Value
Buzz Position
Science - Chemistry
ultraviolet-visible spectroscopy
-5
93
Religion
Jewish prayer
-5
119
Social Science
gender
10
128
Religion
Epistle to the Romans
10
129
Pop Culture
California Golden Bears
10
132
Mythology
Maya people
10
143
Previous
1
Next